MARC

LEADER 00000nab a2200000 a 4500
001 vtls000737842
003 SK-MaSNL
005 20260304003511.0
008 040806c2000 xo 0 slo
015 |a SNBRB2000/11-27441 
035 |a CLN000089708 
040 |a SNKBUCL  |b slo  |c SNKBUCL  |e AACR2 
041 0 |a slo 
044 |a xo  |c SK 
080 |a 792.2  |2 UDC-MRF-SK2 
100 1 |a Vajdičková, Zuzana,  |d 1975-  |4 aut  |9 241274 
245 1 0 |a Trikrát Lupa  |c Zuzana Vajdičková 
300 |b Fotogr. 
600 1 7 |a Dostojevskij, Fiodor Michajlovič,  |d 1821-1881  |t Bratia Karamazovci  |2 snkbucl  |9 193215 
600 1 7 |a Reza, Yasmina,  |d 1959-  |t Kumšt  |2 snkbucl  |9 1244755 
600 1 7 |a Schwab, Werner,  |d 1958-1994  |t Prezidentky  |2 snkbucl  |9 1233976 
610 2 7 |a Stary teatr (Krakov, Poľsko)  |2 snkbucl  |9 1281979 
655 7 |a recenzie  |2 snkbucl  |9 21907 
773 0 |t Divadlo v medzičase  |g Roč. 5, č. 1 (2000), s. 21 
850 |a Slovenská národná knižnica v Martine 
852 |a SNK  |b KIS3GCP 
958 |a PL 
958 |a RC 
999 |c 2547708  |d 2549638